Kernel regression estimation with time series errors.

Otázka objektívnosti výberu šírky pásma pre odhad jadra. Návrh alternatívnych metód odhadu kovariančnej funkcie. V simulačnej štúdii vedie použitie takto získaných kovariancií k efektívnejšiemu získaniu hladkých pozitívne korelovaných dát.

Guardado en:
Detalles Bibliográficos
Autor principal: Hart, J.D
Formato: Capítulo de libro
Lenguaje:inglés
Materias:
Etiquetas: Agregar Etiqueta
Sin Etiquetas, Sea el primero en etiquetar este registro!

MARC

LEADER 00000naa a2200000 4500
001 r007292
005 20221213085057.9
041 0 |a eng 
044 |a GB 
245 1 0 |a Kernel regression estimation with time series errors.  |c J.D. Hart 
520 |a Otázka objektívnosti výberu šírky pásma pre odhad jadra. Návrh alternatívnych metód odhadu kovariančnej funkcie. V simulačnej štúdii vedie použitie takto získaných kovariancií k efektívnejšiemu získaniu hladkých pozitívne korelovaných dát. 
610 2 0 |a rady časové 
610 2 0 |a regresia 
610 2 0 |a metódy matematicko-štatistické 
100 1 |a Hart, J.D.